[Event "Kirov-ch"]
[Site "Kirov"]
[Date "2019.04.02"]
[Round "2"]
[White "Astafiev, Oleg"]
[Black "Malyshev, Evgeny2222"]
[Result "0-1"]
[WhiteElo "1904"]
[BlackElo "2054"]
[PlyCount "108"]
[EventDate "2019.04.01"]
[EventType "swiss"]
[EventRounds "9"]
[EventCountry "RUS"]
[SourceTitle "CBM 190 Extra"]
[Source "ChessBase"]
[SourceDate "2019.07.15"]
[SourceVersion "1"]
[SourceVersionDate "2019.07.15"]
[SourceQuality "1"]

1. e4 c6 2. d4 d5 3. Nc3 dxe4 4. Nxe4 Nf6 5. Nxf6+ gxf6 6. Nf3 Bg4 7. Be2 Qc7 8. Be3 Nd7 9. Qd2 e6 10. 0-0-0 Bd6 11. h3 Bh5 12. Kb1 0-0-0 13. Qc3 Nb6 14. Qa5 Nd5 15. Qxc7+ Bxc7 16. Rhe1 Nxe3 17. fxe3 Bg3 18. Rf1 f5 19. c3 Rhg8 20. Rd2 Rg7 21. Kc2 Rdg8 22. Rfd1 Bd6 23. Ne1 Bxe2 24. Rxe2 Rg3 25. Rdd2 b5 26. Nd3 Kc7 27. b3 f6 28. c4 Kd7 29. cxb5 cxb5 30. Nc5+ Ke7 31. b4 e5 32. Kb2 e4 33. a3 Kf7 34. Rc2 Rc8 35. Rc3 Rcg8 36. Rcc2 Rc8 37. Nb7 Rxc2+ 38. Kxc2 Ke6 39. Kb2 Bf8 40. Nc5+ Kd5 41. Nd7 Bh6 42. Nxf6+ Ke6 43. Ne8 Bxe3 44. Nc7+ Kd7 45. Nxb5 a6 46. Nc3 Kd6 47. a4 Bxd4 48. Rd2 Ke5 49. Rxd4 Rxg2+ 50. Kb3 Kxd4 51. b5 axb5 52. axb5 Rg3 53. b6 Rxc3+ 54. Kb2 Rc8 0-1